Bytový dom

Uložené v:
Podrobná bibliografia
Hlavný autor: Horník, Richard (Autor)
Ďalší autori: Piatka, Jaroslav (Vedúci práce)
Médium: Rukopis Kniha
Jazyk:Slovak
Vydavateľské údaje: 2019
Predmet:
On-line prístup:http://is.stuba.sk/zp/portal_zp.pl?podrobnosti=152833
https://opac.crzp.sk/?fn=detailBiblioForm&sid=A6067EBA35451301816FD20D9AAB
Tagy: Pridať tag
Žiadne tagy, Buďte prvý, kto otaguje tento záznam!

MARC

LEADER 00000ntm a22000003a 4500
001 stuzp74361
003 SK-STU
005 20230531095543.5
007 ta
008 150427s2015----xo-----f-mn---000-0-slo-d
040 |a STU  |b slo 
041 0 |a slo 
100 1 |a Horník, Richard  |u 010270  |4 aut  |U SvF Stavebná fakulta  |T SvF Katedra technológie stavieb  |X 75555  |U V270  |Y 28  |7 75555 
242 0 1 |a Flat house  |y eng 
245 1 0 |a Bytový dom 
260 |c 2019 
650 4 |a hydroizolácia  |2 slo 
650 4 |a bakalárska práca  |2 slo 
650 4 |a bytový dom  |2 slo 
650 4 |a bachelor thesis  |2 eng 
650 4 |a residetial building  |2 eng 
650 4 |a waterproofing  |2 eng 
700 1 |a Piatka, Jaroslav  |u 010270  |k Z8  |4 ths  |U SvF Stavebná fakulta  |T SvF Katedra technológie stavieb  |X 12146  |U V270  |Y 28  |7 A000012146 
856 4 |u http://is.stuba.sk/zp/portal_zp.pl?podrobnosti=152833 
856 4 |u https://opac.crzp.sk/?fn=detailBiblioForm&sid=A6067EBA35451301816FD20D9AAB